| 000 | 01122cam a2200361 a 4500 | ||
|---|---|---|---|
| 001 | 492429 | ||
| 003 | OSt | ||
| 005 | 20140310181630.0 | ||
| 008 | 841023s1985 ilua j 001 0 eng | ||
| 010 | _a 84230758 | ||
| 020 | _a0673221083 | ||
| 040 |
_aDLC _cDLC _dDLC |
||
| 042 | _alcac | ||
| 043 |
_an-us--- _an-us-in |
||
| 050 | 0 | 0 |
_aE 161.5 _b.Sch37 1983 |
| 082 | 0 | 0 |
_aHS 973.19 _bR26 1983 |
| 100 | 1 |
_aSchreiber, Joan E. _915277 |
|
| 245 | 1 | 0 |
_aRegions of our country and our world / _cJoan Schreiber |
| 250 | _aIndiana ed. | ||
| 260 |
_aGlenview, Ill. : _bScott, Foresman, _cc1983. |
||
| 300 |
_a384p. : _bill. (some col.) ; _c27 cm. |
||
| 440 | 0 |
_aScott, Foresman social studies _915278 |
|
| 650 | 0 |
_aGeography _xJuvenile literature. _915279 |
|
| 650 | 1 |
_aGeography. _914223 |
|
| 651 | 0 |
_aUnited States _xGeography _xJuvenile literature. _915280 |
|
| 651 | 0 |
_aIndiana _xGeography _xJuvenile literature. _915281 |
|
| 651 | 1 |
_aUnited States. _915282 |
|
| 651 | 1 |
_aIndiana. _915283 |
|
| 700 | 1 |
_aKain, Kathleen. _915284 |
|
| 906 |
_a7 _bcbc _corignew _d3 _encip _f19 _gy-gencatlg |
||
| 942 |
_2lcc _cHS |
||
| 999 |
_c482 _d482 |
||